000 00659nam a2200241Ia 4500
003 OSt
005 20220926021006.0
006 a|||||r|||| 00| 0
007 ta
008 220923b |||||||| |||| 00| 0 eng d
037 _cGeneral Book
040 _aRTL
_cRTL
_beng
041 _2eng
_aeng
082 _aY:492, L4
100 _aMarsh Henry
_9325537
245 0 _aSlavery and race
_b A story of slavery and its lega
260 _aNew York
_bSt Martin
_c1974
300 _a180p
_ccm.
500 _aBibliography p 170-72
650 _aSocial Conflict
942 _hY:492, L4
_cGB
_2CC
999 _c635406
_d635406